Loading...
| Beliefs | 4 | 4 | 1 | 0 | 95 | 35 | 74.38 | 8 | 8 |
| 0 | 2 | 0 | 0 | 20 | 102 | 106.50 | 1 | 2 | |
| Other Arts: Visual | 1 | 0 | 0 | 0 | 15 | 72 | 72.00 | 1 | 1 |
| Philosophy | 1 | 0 | 0 | 0 | 15 | 81 | 81.00 | 0 | 1 |
| Literature - British Literature | 0 | 1 | 0 | 1 | 10 | 130 | 130.00 | 1 | 1 |
| Literature - European Literature | 0 | 1 | 0 | 1 | 10 | 132 | 132.00 | 0 | 1 |
| Other Science: Astronomy | 0 | 1 | 0 | 0 | 10 | 114 | 114.00 | 0 | 1 |
| History - American History | 0 | 2 | 2 | 1 | 10 | 94 | 114.00 | 1 | 2 |
| History - World History | 0 | 1 | 0 | 0 | 10 | 122 | 122.00 | 0 | 1 |
| Social Science | 0 | 0 | 0 | 0 | 0 | 0.00 | 0 | 0 | |
| Fine Arts - Visual Fine Arts | 0 | 0 | 1 | 0 | -5 | 0.00 | 0 | 0 |